[Event "CZE-chT2F 1920"]
[Site "Czech Republic"]
[Date "2019.12.01"]
[Round "4.8"]
[White "Beran, Petr"]
[Black "Sebesta, Jan"]
[Result "1/2-1/2"]
[WhiteElo "2011"]
[BlackElo "1788"]
[PlyCount "140"]
[EventDate "2019.10.13"]
[EventType "team-tourn"]
[EventRounds "11"]
[EventCountry "CZE"]
[SourceTitle "EXT 2024"]
[Source "ChessBase"]
[SourceDate "2023.10.10"]
[SourceVersion "1"]
[SourceVersionDate "2023.10.10"]
[SourceQuality "1"]
[WhiteTeam "Havirov Slovan"]
[BlackTeam "Orlova Slavia II"]
[WhiteTeamCountry "CZE"]
[BlackTeamCountry "CZE"]

1. d4 Nf6 2. Bf4 g6 3. e3 Bg7 4. Nf3 d5 5. h3 c5 6. c3 Nc6 7. Nbd2 Bf5 8. g4 Bd7 9. Bg2 Qb6 10. Qb3 c4 11. Qxb6 axb6 12. 0-0 h5 13. g5 Nh7 14. e4 e6 15. exd5 exd5 16. Rfe1+ Be6 17. h4 0-0 18. a3 Rfe8 19. Ne5 Nxe5 20. Bxe5 Nf8 21. f4 Bxe5 22. Rxe5 Nd7 23. Re3 Kg7 24. Rae1 Red8 25. Nf1 Nf8 26. Ng3 Rd7 27. f5 Bxf5 28. Nxf5+ gxf5 29. Bh3 Ng6 30. Bxf5 Rd6 31. Bxg6 Kxg6 32. Re5 Rad8 33. Rf1 R8d7 34. Rff5 Rd8 35. Kg2 R8d7 36. Kf3 Rd8 37. Kf4 R8d7 38. Kg3 Rd8 39. Kf3 R8d7 40. Kf4 Kg7 41. Rf6 Rxf6+ 42. gxf6+ Kxf6 43. Rxh5 Kg6 44. Rg5+ Kf6 45. Rf5+ Kg6 46. h5+ Kg7 47. Kg5 Rd6 48. Rf2 b5 49. Re2 Rf6 50. Rh2 Rf1 51. h6+ Kh7 52. Kg4 Rf6 53. Kg5 Rf1 54. Kg4 Rf6 55. Rh5 Rf2 56. Rxd5 Rxb2 57. Rd7 Kxh6 58. Rxf7 Kg6 59. Rxb7 Rb3 60. Kf4 Kf6 61. Ke4 Rxc3 62. Rxb5 Rxa3 63. Kd5 c3 64. Rc5 Ke7 65. Kc4 Kd6 66. Kb4 Ra1 67. Kxc3 Rc1+ 68. Kb4 Rxc5 69. dxc5+ Kc6 70. Kc4 Kc7 1/2-1/2

[Event "EU Union-ch U10"]
[Site "Kouty nad Desnou"]
[Date "2014.08.27"]
[Round "1"]
[White "Sebesta, Jan"]
[Black "Mitev, Valentin"]
[Result "0-1"]
[WhiteElo "1401"]
[BlackElo "1798"]
[PlyCount "58"]
[EventDate "2014.08.27"]
[EventType "swiss"]
[EventRounds "9"]
[EventCountry "CZE"]
[SourceTitle "CBM 162 Extra"]
[Source "ChessBase"]
[SourceDate "2014.10.17"]
[SourceVersion "1"]
[SourceVersionDate "2014.10.17"]
[SourceQuality "1"]

1. e4 c6 2. d4 d5 3. Nc3 dxe4 4. Nxe4 Nd7 5. Nf3 Ngf6 6. Ng3 e6 7. Be2 Bd6 8. Qd3 0-0 9. 0-0 Qc7 10. Be3 b6 11. c4 Bb7 12. Rac1 c5 13. Rfd1 Rad8 14. b3 cxd4 15. Nxd4 Nc5 16. Qc2 a6 17. b4 Nce4 18. a3 Nxg3 19. hxg3 Be4 20. Qc3 Rc8 21. Nb3 Be5 22. Bd4 Bxd4 23. Rxd4 e5 24. Rdd1 Rfd8 25. Nd2 Bb7 26. Nf3 e4 27. Nd2 e3 28. Qxe3 Re8 29. Qd3 Rcd8 0-1

[Event "Karvina op"]
[Site "Karvina"]
[Date "2014.07.06"]
[Round "9"]
[White "Stetz, Jan"]
[Black "Sebesta, Jan"]
[Result "1/2-1/2"]
[WhiteElo "1666"]
[BlackElo "1771"]
[PlyCount "40"]
[EventDate "2014.06.28"]
[EventType "swiss"]
[EventRounds "9"]
[EventCountry "CZE"]
[SourceTitle "CBM 161 Extra"]
[Source "ChessBase"]
[SourceDate "2014.08.29"]
[SourceVersion "1"]
[SourceVersionDate "2014.08.29"]
[SourceQuality "1"]

1. d4 Nf6 2. c4 g6 3. Nc3 d5 4. e3 Bg7 5. cxd5 Nxd5 6. Nf3 Nxc3 7. bxc3 0-0 8. Bc4 Bg4 9. h3 Bxf3 10. Qxf3 Nc6 11. 0-0 e6 12. Re1 Qd6 13. a4 Qd7 14. Ba3 Rfd8 15. Bb5 a6 16. Bxc6 Qxc6 17. Qxc6 bxc6 18. Rab1 Rab8 19. a5 Rb5 20. Rxb5 cxb5 1/2-1/2

[Event "Karvina op"]
[Site "Karvina"]
[Date "2014.07.01"]
[Round "4"]
[White "Sebesta, Jan"]
[Black "Sramek, Ondrej"]
[Result "0-1"]
[WhiteElo "1771"]
[BlackElo "1750"]
[PlyCount "46"]
[EventDate "2014.06.28"]
[EventType "swiss"]
[EventRounds "9"]
[EventCountry "CZE"]
[SourceTitle "CBM 161 Extra"]
[Source "ChessBase"]
[SourceDate "2014.08.29"]
[SourceVersion "1"]
[SourceVersionDate "2014.08.29"]
[SourceQuality "1"]

1. e4 e5 2. Bc4 Nf6 3. d4 exd4 4. Nf3 Nc6 5. e5 d5 6. Bb5 Ne4 7. Nxd4 Bd7 8. Nxc6 bxc6 9. Bd3 Bc5 10. Bxe4 dxe4 11. 0-0 0-0 12. Nc3 Bf5 13. Qe2 Re8 14. Bf4 Rb8 15. Rab1 Bd4 16. Qc4 Bxe5 17. Bxe5 Rxe5 18. Qxc6 e3 19. Na4 exf2+ 20. Rxf2 Qd4 21. Kf1 Rbe8 22. Nc3 Bd3+ 23. cxd3 Qxd3+ 0-1

[Event "CZE-ch U10"]
[Site "Kouty nad Desnou"]
[Date "2014.03.09"]
[Round "2"]
[White "Sebesta, Jan"]
[Black "Mica, Marek"]
[Result "0-1"]
[WhiteElo "1417"]
[BlackElo "1369"]
[PlyCount "118"]
[EventDate "2014.03.08"]
[EventType "swiss"]
[EventRounds "9"]
[EventCountry "CZE"]
[SourceTitle "EXT 2015"]
[Source "ChessBase"]
[SourceDate "2014.11.20"]
[SourceVersion "1"]
[SourceVersionDate "2014.11.20"]
[SourceQuality "1"]

1. e4 c5 2. c3 d5 3. exd5 Qxd5 4. d4 Nf6 5. Nf3 Bg4 6. Nbd2 Bxf3 7. Nxf3 Nc6 8. Bb5 e6 9. Bxc6+ Qxc6 10. 0-0 Bd6 11. h3 0-0 12. Be3 cxd4 13. Nxd4 Qd5 14. Qc2 Qe5 15. Nf3 Qe4 16. Qxe4 Nxe4 17. Ng5 Nxg5 18. Bxg5 f6 19. Be3 b6 20. Rad1 Rad8 21. Rd2 Bc7 22. Rfd1 Rxd2 23. Rxd2 Rd8 24. Rxd8+ Bxd8 25. Kf1 Kf7 26. Ke2 e5 27. g4 Ke6 28. f4 f5 29. gxf5+ Kxf5 30. fxe5 Bc7 31. Kf3 Bxe5 32. Bd2 g5 33. Be3 h5 34. Bd2 g4+ 35. hxg4+ hxg4+ 36. Kg2 Bf4 37. Be1 Ke4 38. b4 Kd3 39. a4 Be5 40. a5 b5 41. a6 g3 42. Kf3 Bc7 43. Kg2 Ke2 44. Bxg3 Bxg3 45. Kxg3 Kd3 46. Kf4 Kxc3 47. Ke5 Kxb4 48. Kd6 Ka5 49. Kc5 Kxa6 50. Kb4 Kb6 51. Kb3 a5 52. Ka3 Kc5 53. Kb3 a4+ 54. Ka3 Kc4 55. Kb2 b4 56. Ka2 Kc3 57. Kb1 b3 58. Ka1 b2+ 59. Kb1 a3 0-1